[Event "Nationale I"]
[Site "Bordeaux"]
[Date "2003.04.06"]
[Round "7.1"]
[White "Gurevich, Mikhail"]
[Black "Legky, Nikolay A"]
[Result "1/2-1/2"]
[WhiteElo "2634"]
[BlackElo "2507"]
[PlyCount "59"]
[EventDate "2003.04.03"]
[Source "Roberto Alvarez"]
[SourceDate "2003.04.07"]

1. c4 e6 2. Nc3 d5 3. d4 Nf6 4. Bg5 Nbd7 5. e3 Be7 6. Nf3 O-O 7. Rc1 Re8 8. Qc2 c6 9. a3 h6 10. Bh4 a6 11. Bd3 dxc4 12. Bxc4 b5 13. Be2 Bb7 14. O-O c5 15. dxc5 Nxc5 16. Rfd1 Ncd7 17. Ne5 Qc8 18. Nxd7 Nxd7 19. Bxe7 Rxe7 20. Qb3 Nc5 21. Qb4 Rc7 22. Nb1 Ne4 23. Rxc7 Qxc7 24. f3 Nf6 25. Qd6 Qxd6 26. Rxd6 Kf8 27. e4 e5 28. Nc3 Ke7 29. Rd2 Rc8 30. Kf2 1/2-1/2

[Event "Trencianske Teplice"]
[Site "Trencianske Teplice"]
[Date "1985.??.??"]
[Round "2"]
[White "Smejkal, Jan"]
[Black "Prandstetter, Eduard"]
[Result "1-0"]
[WhiteElo "2565"]
[BlackElo "2450"]
[PlyCount "81"]
[EventDate "1985.11.??"]
[Source "ChessBase"]

1. c4 e6 2. Nf3 Nf6 3. Nc3 d5 4. d4 Be7 5. Bg5 O-O 6. e3 Nbd7 7. Rc1 c6 8. Qc2 Ne4 9. Bxe7 Qxe7 10. Bd3 Nxc3 11. bxc3 dxc4 12. Bxc4 b6 13. O-O Bb7 14. e4 c5 15. d5 exd5 16. Bxd5 Bxd5 17. exd5 b5 18. c4 bxc4 19. Qxc4 Rac8 20. Rfd1 Qd6 21. Ng5 Nf6 22. Ne4 Nxe4 23. Qxe4 Rfe8 24. Qc4 g6 25. g3 Re7 26. Rc3 Rb7 27. Rd2 Rcc7 28. a3 Rc8 29. Kg2 Re7 30. Rb3 Rd7 31. Rb5 Qa6 32. a4 Rb7 33. Qg4 Rxb5 34. axb5 Qb7 35. Qc4 Qb6 36. d6 Rd8 37. Qd5 c4 38. d7 c3 39. Re2 Qf6 40. Qc6 Kg7 41. Re8 1-0

[Event "Sochi"]
[Site "Sochi"]
[Date "1985.??.??"]
[Round "?"]
[White "Vera, Reynaldo"]
[Black "Eingorn, Vereslav S"]
[Result "1/2-1/2"]
[WhiteElo "2480"]
[BlackElo "2525"]
[PlyCount "24"]
[EventDate "1985.09.??"]
[Source "ChessBase"]

1. d4 Nf6 2. c4 e6 3. Nc3 d5 4. Nf3 Be7 5. Bg5 Nbd7 6. e3 O-O 7. Rc1 c6 8. a3 Re8 9. Qc2 h6 10. Bh4 a6 11. Bd3 dxc4 12. Bxc4 b5 1/2-1/2

[Event "IND-ch"]
[Site "New Delhi"]
[Date "2001.06.02"]
[Round "2"]
[White "Sasikiran, Krishnan"]
[Black "Murugan, Krishnamoorthy"]
[Result "1-0"]
[WhiteElo "2611"]
[BlackElo "2390"]
[PlyCount "82"]
[EventDate "2001.06.02"]
[Source "ChessBase"]
[SourceDate "2001.07.03"]

1. d4 Nf6 2. c4 e6 3. Nc3 d5 4. Bg5 Nbd7 5. e3 Be7 6. Nf3 O-O 7. Rc1 c6 8. Qc2 Re8 9. a3 Nh5 10. Bxe7 Qxe7 11. g4 Nhf6 12. g5 Nh5 13. Be2 g6 14. h4 a6 15. Kf1 b5 16. cxb5 cxb5 17. Na2 Bb7 18. Qc7 Rab8 19. Kg2 Rec8 20. Qh2 Ng7 21. Nb4 Qd8 22. Nd3 Rxc1 23. Rxc1 Rc8 24. Rxc8 Qxc8 25. Nfe5 Nxe5 26. Qxe5 Nf5 27. h5 Qd8 28. Qf4 h6 29. hxg6 Qxg5+ 30. Qxg5 hxg5 31. gxf7+ Kxf7 32. Kf3 Kf6 33. Ne5 Nh6 34. Bd3 Nf7 35. Ng4+ Kg7 36. Kg3 Nd6 37. b3 Nf5+ 38. Kf3 Bc8 39. Ne5 Nh6 40. Bg6 Kf6 41. b4 Nf5 1-0

[Event "Kragujevac"]
[Site "?"]
[Date "1977.??.??"]
[Round "6"]
[White "Filip Miroslav"]
[Black "Radulov Ivan"]
[Result "1/2-1/2"]
[WhiteElo "2500"]
[BlackElo "2500"]
[PlyCount "50"]
[EventDate "1977.??.??"]
[Source "www.chesslib.no"]
[SourceDate "2004.05.04"]

1. c4 Nf6 2. Nc3 e6 3. d4 d5 4. Bg5 Be7 5. e3 O-O 6. Nf3 Nbd7 7. Rc1 c6 8. Qc2 Ne8 9. Bf4 Bd6 10. Bg3 h6 11. Bd3 Bxg3 12. hxg3 dxc4 13. Bxc4 Nd6 14. Be2 Qe7 15. g4 e5 16. g5 e4 17. gxh6 g6 18. Nd2 f5 19. Bc4+ Kh7 20. Ne2 Nf6 21. Bb3 Be6 22. g3 g5 23. Bxe6 Qxe6 24. Qb3 Nd5 25. Nc4 Rab8 1/2-1/2

[Event "Trnava"]
[Site "Trnava"]
[Date "1983.??.??"]
[Round "?"]
[White "Groszpeter, Attila"]
[Black "Lechtynsky, Jiri"]
[Result "1/2-1/2"]
[WhiteElo "2505"]
[BlackElo "2480"]
[PlyCount "61"]
[EventDate "1983.03.??"]
[Source "ChessBase"]

1. d4 Nf6 2. c4 e6 3. Nf3 d5 4. Nc3 Be7 5. Bg5 O-O 6. e3 Nbd7 7. Rc1 c6 8. Qc2 Re8 9. Bd3 dxc4 10. Bxc4 Nd5 11. Bxe7 Qxe7 12. O-O Nxc3 13. Qxc3 b6 14. Ne5 Bb7 15. Nxd7 Qxd7 16. Be2 Qe7 17. Bf3 c5 18. Bxb7 Qxb7 19. dxc5 bxc5 20. b3 Rec8 21. Qa5 Qb4 22. Qa6 Rd8 23. h3 Qb6 24. Qc4 Rd2 25. a4 h6 26. Rc3 Rb2 27. Rd3 Rb8 28. Rc1 Rxb3 29. Rxb3 Qxb3 30. Qxb3 Rxb3 31. Rxc5 1/2-1/2

[Event "Pre Continental g/25' 10''"]
[Site "Sao Paulo"]
[Date "2001.07.28"]
[Round "3"]
[White "Sunye Neto, Jaime"]
[Black "Pelikian, Jefferson"]
[Result "1-0"]
[WhiteElo "2558"]
[BlackElo "2415"]
[PlyCount "79"]
[EventDate "2001.07.28"]
[Source "ChessBase"]
[SourceDate "2001.09.11"]

1. c4 e6 2. Nc3 d5 3. d4 Nf6 4. Bg5 Be7 5. Nf3 O-O 6. e3 c6 7. Qc2 Nbd7 8. a3 Re8 9. Rc1 a6 10. Bd3 h6 11. Bh4 dxc4 12. Bxc4 b5 13. Be2 Bb7 14. O-O c5 15. dxc5 Nxc5 16. Rfd1 Qb6 17. Bxf6 Bxf6 18. Nxb5 axb5 19. Qxc5 Qxc5 20. Rxc5 Bxb2 21. Rxb5 Bxf3 22. Bxf3 Rab8 23. a4 Bc3 24. Rdb1 Rxb5 25. axb5 Kf8 26. b6 Ke7 27. b7 Be5 28. Rc1 Bb8 29. Rc8 Rd8 30. Kf1 f5 31. Ke2 g5 32. h3 Kd7 33. Bc6+ Ke7 34. Ba4 h5 35. Bb3 e5 36. Bf7 h4 37. Be6 f4 38. e4 Ba7 39. Bd5 Rf8 40. Kf3 1-0

[Event "Corus-B"]
[Site "Wijk aan Zee"]
[Date "2001.01.22"]
[Round "6"]
[White "Gulko, Boris F"]
[Black "Vink, Nico"]
[Result "0-1"]
[WhiteElo "2622"]
[BlackElo "2335"]
[PlyCount "96"]
[EventDate "2001.01.13"]
[Source "ChessBase"]
[SourceDate "2001.03.20"]

1. Nf3 Nf6 2. c4 e6 3. Nc3 d5 4. d4 c6 5. Bg5 Be7 6. e3 O-O 7. Qc2 Nbd7 8. Rc1 b6 9. cxd5 cxd5 10. Bd3 Bb7 11. O-O a6 12. Ne5 h6 13. Bxf6 Bxf6 14. f4 Qe7 15. Qe2 Rfc8 16. a4 g6 17. e4 dxe4 18. Bxe4 Bxe4 19. Nxe4 Rxc1 20. Rxc1 Qd8 21. Nd6 Nxe5 22. dxe5 Be7 23. Rc6 Qd7 24. Qc4 Bd8 25. h3 h5 26. b4 Qa7 27. Qd4 Qd7 28. Qc3 Ra7 29. Kh2 Rc7 30. b5 axb5 31. axb5 Ra7 32. Rc8 Rc7 33. Rxc7 Bxc7 34. Qc6 Qd8 35. Ne4 Kg7 36. Nf6 Bb8 37. Ne8+ Kf8 38. Nf6 Kg7 39. Qc3 Kf8 40. Qa3+ Kg7 41. Qg3 Kf8 42. Qe3 Kg7 43. Kg3 Bc7 44. Qc3 Kf8 45. Kh4 Bb8 46. g3 Kg7 47. Qc6 Qd4 48. Nd7 Kh6 0-1

[Event "CSR-ch"]
[Site "Sumperk"]
[Date "1984.??.??"]
[Round "7"]
[White "Ftacnik, Lubomir"]
[Black "Franzen, Jozef"]
[Result "1-0"]
[WhiteElo "2570"]
[BlackElo "2370"]
[PlyCount "107"]
[EventDate "1984.06.??"]
[Source "ChessBase"]

1. c4 e6 2. Nc3 d5 3. d4 Nf6 4. Nf3 Be7 5. Bg5 O-O 6. e3 Nbd7 7. Rc1 c6 8. Qc2 Ne4 9. Bxe7 Qxe7 10. Nxe4 dxe4 11. Qxe4 Qb4+ 12. Nd2 Qxb2 13. Rb1 Qa3 14. Be2 Qe7 15. f4 c5 16. O-O Rb8 17. f5 Nf6 18. Qf4 Bd7 19. e4 exf5 20. e5 cxd4 21. exf6 Qxe2 22. Rf3 Qe6 23. fxg7 Kxg7 24. Qxd4+ f6 25. Re3 Qc6 26. Qxa7 Kh8 27. Qd4 Rg8 28. Rg3 Qe6 29. Nf3 Rxg3 30. hxg3 Bc6 31. Re1 Be4 32. Ng5 Qc6 33. Nxe4 Re8 34. Nxf6 Rxe1+ 35. Kf2 Rd1 36. Qxd1 Qxf6 37. Qd5 b6 38. Ke3 Qg5+ 39. Kf3 Qg4+ 40. Kf2 Kg7 41. a4 Qg5 42. Qb7+ Kg8 43. Qd5+ Kg7 44. a5 bxa5 45. Qxa5 Qc1 46. Qe5+ Kg6 47. Qd6+ Kg7 48. c5 Qc2+ 49. Kg1 Qe2 50. c6 f4 51. Qd4+ Kg6 52. Qxf4 Qd1+ 53. Kh2 Qh5+ 54. Qh4 1-0

[Event "New York op"]
[Site "New York"]
[Date "1988.??.??"]
[Round "?"]
[White "Damljanovic, Branko"]
[Black "Sisniega, Marcel"]
[Result "0-1"]
[WhiteElo "2525"]
[BlackElo "2410"]
[PlyCount "82"]
[EventDate "1988.03.??"]
[Source "ChessBase"]

1. c4 e6 2. Nf3 d5 3. d4 Nf6 4. Nc3 Be7 5. Bg5 O-O 6. e3 Nbd7 7. Rc1 c6 8. Qc2 Ne4 9. Bxe7 Qxe7 10. Bd3 Nxc3 11. bxc3 dxc4 12. Bxc4 b6 13. Bd3 h6 14. O-O Bb7 15. a4 c5 16. Bh7+ Kh8 17. Be4 Nf6 18. Bxb7 Qxb7 19. Qb3 Rac8 20. c4 Rc7 21. Rfd1 cxd4 22. exd4 Rfc8 23. Ne5 Kg8 24. Rc2 Nd7 25. Ng4 Qe4 26. Ne3 Nb8 27. Rcd2 Nc6 28. Qb5 Na5 29. c5 Qc6 30. Qb4 Qe8 31. cxb6 axb6 32. d5 Nc4 33. d6 Nxe3 34. fxe3 Rc4 35. Qxb6 Qd7 36. a5 Ra4 37. Rb2 Ra8 38. Rb5 Ra2 39. h3 Rc8 40. Rc5 Rxc5 41. Qxc5 Qb7 0-1

[Event "Wijk op"]
[Site "Wijk aan Zee"]
[Date "1993.??.??"]
[Round "9"]
[White "De Boer, Gert Jan"]
[Black "Cifuentes Parada, Roberto"]
[Result "1/2-1/2"]
[WhiteElo "2430"]
[BlackElo "2480"]
[PlyCount "41"]
[EventDate "1993.01.??"]
[Source "ChessBase"]

1. d4 d5 2. c4 e6 3. Nc3 Be7 4. Nf3 Nf6 5. Bg5 O-O 6. e3 Nbd7 7. Rc1 c6 8. Qc2 Re8 9. a3 a6 10. h3 h6 11. Bf4 dxc4 12. Bxc4 b5 13. Be2 c5 14. dxc5 Bxc5 15. Ne4 Nxe4 16. Qxe4 Ra7 17. O-O Bb7 18. Qc2 Qa8 19. Rfd1 Be4 20. Qc3 Be7 21. Bc7 1/2-1/2

[Event "Chicago Open"]
[Site "Chicago, IL USA"]
[Date "1994.??.??"]
[Round "1"]
[White "Miles, Anthony J"]
[Black "Cooper, Thomas L"]
[Result "1-0"]
[WhiteElo "2590"]
[BlackElo "2310"]
[PlyCount "53"]
[EventDate "1994.??.??"]
[Source "www.chesslib.no"]
[SourceDate "2004.05.04"]

1. d4 d5 2. Nf3 Nf6 3. c4 e6 4. Nc3 Be7 5. Qc2 O-O 6. Bg5 Nbd7 7. e3 c6 8. Rc1 Re8 9. a3 b6 10. cxd5 Nxd5 11. Nxd5 cxd5 12. Qc6 Rb8 13. Bf4 Bb7 14. Qc2 e5 15. Nxe5 Rc8 16. Qd1 Rxc1 17. Qxc1 Bf6 18. Nxd7 Qxd7 19. Qd1 Qf5 20. Be2 h5 21. O-O g5 22. Bb5 Rc8 23. Qxh5 Rc2 24. b4 Bc8 25. Bb8 Qe4 26. Qh6 Qe7 27. Bd3 1-0

[Event "ISR Ch"]
[Site "Tel Aviv ISR"]
[Date "1994.??.??"]
[Round "8"]
[White "Zilberman, Yaacov"]
[Black "Bruk, Ofer"]
[Result "1-0"]
[WhiteElo "2460"]
[BlackElo "2435"]
[PlyCount "85"]
[EventDate "1994.10.??"]
[Source "www.chesslib.no"]
[SourceDate "2004.05.04"]

1. d4 d5 2. c4 e6 3. Nf3 Nf6 4. Nc3 Be7 5. Bg5 O-O 6. e3 c6 7. Rc1 Nbd7 8. a3 Re8 9. Qc2 dxc4 10. Bxc4 Nd5 11. Bxe7 Qxe7 12. Ne2 N5b6 13. Bd3 h6 14. O-O e5 15. Ng3 exd4 16. Nxd4 Ne5 17. Be2 Nd5 18. Rfe1 Qf6 19. h3 Bd7 20. Bf1 Rad8 21. b4 Ng6 22. Ne4 Qe5 23. Nc5 Bc8 24. b5 cxb5 25. Bxb5 Re7 26. Bf1 Qf6 27. g3 Qb6 28. Bg2 Nf6 29. a4 a6 30. Rb1 Qa5 31. Rec1 Rde8 32. Nxb7 Bxb7 33. Bxb7 Qh5 34. Qf5 Qxf5 35. Nxf5 Re5 36. Nd4 Ra5 37. Nb3 Rf5 38. Bxa6 Ne4 39. Bd3 Rf6 40. Rc2 Rd6 41. Nd4 Ng5 42. Bb5 Ra8 43. Kg2 1-0

[Event "Classics GM"]
[Site "Gausdal"]
[Date "2003.04.08"]
[Round "8"]
[White "Lugovoi, Aleksei"]
[Black "Sarbok, Torsten"]
[Result "1-0"]
[WhiteElo "2563"]
[BlackElo "2325"]
[PlyCount "115"]
[EventDate "2003.04.03"]
[Source "Roberto Alvarez"]
[SourceDate "2003.04.28"]

1. d4 Nf6 2. c4 e6 3. Nc3 d5 4. Nf3 Be7 5. Bg5 O-O 6. e3 Nbd7 7. Rc1 Re8 8. Qc2 c6 9. a3 Nf8 10. Be2 Ng6 11. O-O h6 12. Bxf6 Bxf6 13. Rfd1 Bd7 14. e4 dxe4 15. Nxe4 Qe7 16. Nxf6+ Qxf6 17. Ne5 Nf8 18. Qb3 Reb8 19. Qe3 Be8 20. f4 Rd8 21. Bf3 Rac8 22. b4 Qe7 23. c5 Rc7 24. Nc4 Nh7 25. Nd6 Nf6 26. Re1 Rxd6 27. cxd6 Qxd6 28. Qe5 Rd7 29. Qxd6 Rxd6 30. Red1 a6 31. Kf2 Kf8 32. Ke3 Nd7 33. g4 g6 34. h4 Nb6 35. Rh1 Kg7 36. h5 Nc8 37. hxg6 fxg6 38. Be4 Ne7 39. a4 Bf7 40. Rh2 Rd8 41. Rb2 Be8 42. b5 axb5 43. axb5 Nd5+ 44. Bxd5 Rxd5 45. Rc5 Rxc5 46. dxc5 cxb5 47. Ke4 Kf6 48. Rh2 h5 49. g5+ Ke7 50. Ke5 Bc6 51. Rd2 Bd5 52. f5 gxf5 53. g6 b4 54. c6 bxc6 55. Rh2 b3 56. Rxh5 b2 57. Rh7+ Ke8 58. Rb7 1-0

[Event "Cupa Dinamo"]
[Site "Brasov"]
[Date "1998.??.??"]
[Round "10"]
[White "Rogozenko, Dorian"]
[Black "Zlatic, Mihajlo"]
[Result "1-0"]
[WhiteElo "2495"]
[BlackElo "2375"]
[PlyCount "83"]
[EventDate "1998.03.??"]
[Source "ChessBase"]
[SourceDate "1998.04.29"]

1. d4 Nf6 2. Nf3 d5 3. c4 e6 4. Nc3 Be7 5. Bg5 O-O 6. e3 c6 7. Rc1 Nbd7 8. Qc2 Re8 9. Rd1 a6 10. a3 b5 11. c5 e5 12. b4 e4 13. Nd2 Nh5 14. Bxe7 Qxe7 15. Be2 Qh4 16. Nb3 Ra7 17. Ra1 Ndf6 18. h3 Bg4 19. g3 Nxg3 20. fxg3 Qxg3+ 21. Kd2 Bxh3 22. Rag1 Qf2 23. Qd1 Bg4 24. Rf1 Qg2 25. Rhg1 Qh2 26. Rxf6 gxf6 27. Rxg4+ Kh8 28. Qf1 Qh6 29. Na5 Rc7 30. Qf2 Rcc8 31. Nb7 Rg8 32. Nd6 Rcf8 33. Rxg8+ Kxg8 34. Nf5 Qg5 35. Ne7+ Kg7 36. Nxc6 h5 37. Ne7 Rh8 38. Nf5+ Kf8 39. c6 Ke8 40. Nxd5 Kd8 41. Nde7 h4 42. Qh2 1-0

[Event "Granma zt"]
[Site "Granma"]
[Date "1987.??.??"]
[Round "?"]
[White "Arencibia, Walter"]
[Black "Garcia, Gildardo"]
[Result "1-0"]
[WhiteElo "2420"]
[BlackElo "2445"]
[PlyCount "79"]
[EventDate "1987.??.??"]
[Source "ChessBase"]

1. d4 d5 2. c4 e6 3. Nc3 Nf6 4. Bg5 Be7 5. e3 O-O 6. Nf3 Nbd7 7. Rc1 c6 8. Qc2 h6 9. Bh4 a6 10. a4 dxc4 11. Bxc4 c5 12. dxc5 Nxc5 13. O-O Bd7 14. Rfd1 Qe8 15. a5 Rc8 16. Ne5 Bc6 17. b4 Ncd7 18. Nxc6 Rxc6 19. Qb3 Qc8 20. Be2 Nd5 21. Nxd5 Bxh4 22. Rxc6 Qxc6 23. b5 Qc5 24. Nc3 Nb8 25. Ne4 Qf5 26. Qb4 axb5 27. Bxb5 Na6 28. Qc4 Nc7 29. Qxc7 Qxb5 30. g3 Bd8 31. Rxd8 Qb1+ 32. Kg2 Qxe4+ 33. f3 Qb4 34. Rxf8+ Qxf8 35. Qxb7 Qc5 36. a6 h5 37. a7 Qc2+ 38. Kh3 Qf5+ 39. g4 hxg4+ 40. fxg4 1-0

[Event "Rubinstein Memorial"]
[Site "Polanica Zdroj POL"]
[Date "1988.??.??"]
[Round "5"]
[White "Staniszewski, Piotr"]
[Black "Matlak, Marek"]
[Result "1/2-1/2"]
[WhiteElo "2425"]
[BlackElo "2420"]
[PlyCount "63"]
[EventDate "1988.08.??"]
[Source "www.chesslib.no"]
[SourceDate "2004.05.04"]

1. d4 d5 2. c4 e6 3. Nc3 Nf6 4. Nf3 Nbd7 5. Bg5 c6 6. e3 Be7 7. Rc1 O-O 8. Qc2 Re8 9. a3 a6 10. b4 dxc4 11. Bxc4 a5 12. Qb3 Nb6 13. Be2 axb4 14. axb4 Nbd5 15. Nxd5 cxd5 16. O-O Qb6 17. b5 Bd7 18. Ne5 Red8 19. Qc2 Bd6 20. Bd3 h6 21. Bh4 Qa5 22. Bxf6 gxf6 23. Bh7+ Kf8 24. Nxf7 Rdc8 25. Qg6 Rxc1 26. Rxc1 Qa1 27. Rb1 f5 28. Qxh6+ Ke7 29. Qg5+ Kf8 30. Qg8+ Ke7 31. Qg5+ Kf8 32. Qg8+ 1/2-1/2

[Event "Santa Catalina"]
[Site "Santa Catalina"]
[Date "1987.??.??"]
[Round "?"]
[White "Rivas Pastor, Manuel"]
[Black "Garcia Padron, Jose"]
[Result "0-1"]
[WhiteElo "2440"]
[BlackElo "2385"]
[PlyCount "77"]
[EventDate "1987.??.??"]
[Source "www.chesslib.no"]
[SourceDate "2004.05.04"]

1. d4 Nf6 2. c4 e6 3. Nf3 d5 4. Nc3 Be7 5. Bg5 O-O 6. Rc1 Nbd7 7. e3 c6 8. Qc2 Ne4 9. Bxe7 Qxe7 10. Bd3 f5 11. O-O Rf6 12. Ne1 b6 13. f3 Nd6 14. b3 Bb7 15. Qd2 Rd8 16. Nc2 dxc4 17. bxc4 c5 18. Be2 Rh6 19. Qe1 Kh8 20. Qf2 e5 21. d5 Ba6 22. Na3 Rf8 23. Nab5 Bxb5 24. cxb5 f4 25. e4 Qg5 26. g4 fxg3 27. hxg3 Rff6 28. Qg2 Rfg6 29. Kf2 Nf6 30. Rg1 Qd2 31. Rgd1 Ng4+ 32. fxg4 Rf6+ 33. Qf3 Rxf3+ 34. Kxf3 Rf6+ 35. Kg2 Qe3 36. Rf1 Kg8 37. g5 Rxf1 38. Rxf1 Qxc3 39. Bg4 0-1

[Event "Yerevan ol (Men)"]
[Site "Yerevan"]
[Date "1996.??.??"]
[Round "13"]
[White "Chibukhchian, Artur"]
[Black "Kupreichik, Viktor D"]
[Result "1-0"]
[WhiteElo "2310"]
[BlackElo "2510"]
[PlyCount "76"]
[EventDate "1996.09.??"]
[Source "www.chesslib.no"]
[SourceDate "2004.05.04"]

1. d4 Nf6 2. c4 e6 3. Nc3 d5 4. Bg5 Nbd7 5. e3 Be7 6. Nf3 O-O 7. Rc1 c6 8. Qc2 Re8 9. a3 h6 10. Bf4 Bf8 11. h3 b6 12. cxd5 exd5 13. Bd3 a6 14. O-O c5 15. Ne5 Bb7 16. Rfd1 Qe7 17. Bf5 cxd4 18. exd4 Nxe5 19. dxe5 Nh5 20. Bh2 Rad8 21. e6 Qg5 22. exf7+ Kxf7 23. Bg4 Nf6 24. Bf3 b5 25. Qb3 Kg8 26. Na4 Kh8 27. Nb6 Re6 28. Bc7 Rde8 29. h4 Qxh4 30. Nxd5 Bc5 31. Qc2 Re2 32. Qxc5 Bxd5 33. Bxe2 Rxe2 34. Rxd5 Nxd5 35. Qf8+ Kh7 36. Qf5+ Kh8 37. Bg3 Qd8 38. Rc8 h5 1-0

[Event "Bohemians"]
[Site "Prague CZE"]
[Date "1987.??.??"]
[Round "?"]
[White "Danner, Georg"]
[Black "Mozny, Milos"]
[Result "1-0"]
[WhiteElo "2405"]
[BlackElo "2405"]
[PlyCount "97"]
[EventDate "1987.01.??"]
[Source "www.chesslib.no"]
[SourceDate "2004.05.04"]

1. d4 d5 2. Nf3 Nf6 3. c4 e6 4. Nc3 Be7 5. Bg5 O-O 6. e3 Nbd7 7. Rc1 c6 8. Qc2 Ne4 9. Bxe7 Qxe7 10. Bd3 f5 11. O-O Rf6 12. Ne2 Qd6 13. g3 Rh6 14. Kg2 Ndf6 15. Ne5 Nd7 16. f3 Nef6 17. f4 Nf8 18. Nc3 Bd7 19. c5 Qe7 20. b4 a6 21. a4 Be8 22. b5 axb5 23. axb5 N8d7 24. Be2 Nxe5 25. fxe5 Ng4 26. Bxg4 fxg4 27. Ra1 Rc8 28. Qe2 Rg6 29. b6 h5 30. Rf4 Rg5 31. e4 Bg6 32. exd5 exd5 33. Kg1 Rf5 34. Rxf5 Bxf5 35. Rf1 g6 36. Nd1 Ra8 37. Ne3 Be4 38. Ng2 Ra4 39. Qd2 Kg7 40. Nf4 Ra3 41. Qf2 Rf3 42. Qa2 Rxf1+ 43. Kxf1 Qf7 44. Qa8 Bf5 45. Qd8 Kh6 46. Qh8+ Kg5 47. Ke2 Bd7 48. Kd2 Kf5 49. e6 1-0

[Event "BL2-S9899"]
[Site "Germany"]
[Date "1999.02.21"]
[Round "6.3"]
[White "Gerstner, Wolfgang"]
[Black "Pezerovic, Edin"]
[Result "1/2-1/2"]
[WhiteElo "2365"]
[BlackElo "2445"]
[PlyCount "24"]
[EventDate "1998.10.??"]
[Source "www.chesslib.no"]
[SourceDate "2004.05.04"]

1. d4 c6 2. c4 d5 3. Nf3 Nf6 4. Nc3 e6 5. Bg5 Be7 6. e3 O-O 7. Rc1 Nbd7 8. Qc2 Re8 9. a3 a6 10. h3 b5 11. cxd5 cxd5 12. Bd3 Bb7 1/2-1/2

[Event "Ciudad de Palos 4th"]
[Site "?"]
[Date "2002.07.20"]
[Round "3"]
[White "Cramling Pia"]
[Black "Biedma Martin Enrique"]
[Result "1-0"]
[WhiteElo "2509"]
[BlackElo "2287"]
[PlyCount "63"]
[EventDate "2002.??.??"]
[Source "www.chesslib.no"]
[SourceDate "2004.05.04"]

1. d4 d5 2. Nf3 Nf6 3. c4 e6 4. Nc3 Be7 5. Bg5 O-O 6. e3 Nbd7 7. Rc1 c6 8. Qc2 dxc4 9. Bxc4 Nd5 10. Bxe7 Qxe7 11. O-O Nxc3 12. Qxc3 b6 13. Rfd1 Bb7 14. e4 Rac8 15. h3 Rfd8 16. Qe3 Nf8 17. a3 Ng6 18. b4 h6 19. Bb3 Rc7 20. Rd2 Rdc8 21. Rdc2 Kh8 22. Rc3 e5 23. dxe5 Nxe5 24. Nd4 c5 25. Nf5 Qf8 26. f4 Ng6 27. e5 Rd8 28. bxc5 Rxc5 29. Rxc5 bxc5 30. Nd6 Rd7 31. Rxc5 f6 32. Bc2 1-0

[Event "POL-ch 41th"]
[Site "Poznan"]
[Date "1984.??.??"]
[Round "7"]
[White "Ksieski, Zbigniew"]
[Black "Sydor, Andrzej"]
[Result "1/2-1/2"]
[WhiteElo "2400"]
[BlackElo "2395"]
[PlyCount "24"]
[EventDate "1984.02.12"]
[Source "ChessBase"]

1. d4 Nf6 2. c4 e6 3. Nf3 d5 4. Nc3 Be7 5. Bg5 Nbd7 6. e3 c6 7. Qc2 O-O 8. Rc1 h6 9. Bh4 a6 10. a3 dxc4 11. Bxc4 b5 12. Ba2 c5 1/2-1/2

[Event "Rome"]
[Site "Rome"]
[Date "1979.??.??"]
[Round "11"]
[White "Pinter, Jozsef"]
[Black "Passerotti, Pierluigi"]
[Result "1-0"]
[WhiteElo "2445"]
[BlackElo "2340"]
[PlyCount "79"]
[EventDate "1979.03.??"]
[Source "ChessBase"]

1. d4 Nf6 2. c4 e6 3. Nc3 d5 4. Nf3 Be7 5. Bg5 O-O 6. e3 Nbd7 7. Rc1 c6 8. Qc2 h6 9. Bh4 dxc4 10. Bxc4 c5 11. O-O cxd4 12. Nxd4 Nb6 13. Be2 Nfd5 14. Bg3 Bd7 15. Bf3 Rc8 16. Qe2 Nxc3 17. bxc3 Na4 18. c4 Nc5 19. Rcd1 Ba4 20. Nxe6 Bxd1 21. Rxd1 fxe6 22. Rxd8 Rcxd8 23. Bg4 Bf6 24. h4 Rd7 25. Qc2 Kf7 26. Qh7 Ke7 27. Qb1 Rc8 28. Qg6 Nd3 29. e4 Rc6 30. Bh5 e5 31. Qe8+ Kd6 32. Qf8+ Re7 33. Qb8+ Rec7 34. Bf7 Nb4 35. a3 Na6 36. Qf8+ Re7 37. f4 Rcc7 38. fxe5+ Bxe5 39. Qxg7 Bxg3 40. Qxg3+ 1-0

[Event "Bielsko Biala"]
[Site "Bielsko Biala"]
[Date "1988.??.??"]
[Round "3"]
[White "Stempin, Pawel"]
[Black "Gizynski, Tomasz"]
[Result "1/2-1/2"]
[WhiteElo "2450"]
[BlackElo "2325"]
[PlyCount "51"]
[EventDate "1988.??.??"]
[Source "www.chesslib.no"]
[SourceDate "2004.05.04"]

1. d4 Nf6 2. c4 e6 3. Nc3 d5 4. Bg5 Be7 5. e3 c6 6. Nf3 Nbd7 7. Rc1 O-O 8. Qc2 Re8 9. Bd3 dxc4 10. Bxc4 Nd5 11. Bxe7 Qxe7 12. Ne4 h6 13. Ne5 N7f6 14. Nxf6+ Nxf6 15. O-O Bd7 16. Rfd1 Rec8 17. Be2 Be8 18. a3 Nd7 19. f4 Nf8 20. Bf3 Rd8 21. Qc3 Rac8 22. b4 Nd7 23. Rd2 Nb6 24. Qb3 f6 25. Nd3 Bf7 26. Qc2 1/2-1/2

[Event "Groningen Open"]
[Site "Groningen NED"]
[Date "1989.??.??"]
[Round "1"]
[White "Stohl, Igor"]
[Black "Steinbacher, Matthias"]
[Result "0-1"]
[WhiteElo "2455"]
[BlackElo "2320"]
[PlyCount "78"]
[EventDate "1989.12.??"]
[Source "www.chesslib.no"]
[SourceDate "2004.05.04"]

1. d4 e6 2. c4 Nf6 3. Nc3 d5 4. Bg5 Be7 5. e3 O-O 6. Rc1 Nbd7 7. Nf3 c6 8. Qc2 Re8 9. a3 a6 10. cxd5 Nxd5 11. Bxe7 Qxe7 12. Bd3 Nxc3 13. bxc3 Nf8 14. a4 b5 15. O-O Bd7 16. c4 Rec8 17. Ne5 Rab8 18. Qe2 Rd8 19. Be4 Rdc8 20. Nd3 Be8 21. Nc5 bxa4 22. Ra1 a3 23. Rxa3 Nd7 24. Ra5 Nxc5 25. Rxc5 Rb6 26. Ra1 f6 27. Rca5 c5 28. Rxa6 Rxa6 29. Rxa6 Bf7 30. g3 cxd4 31. exd4 Qb4 32. Bd3 Qc3 33. Qe3 Kh8 34. Ra7 Bg8 35. Bf1 Qb2 36. Qe4 Rd8 37. Qg4 g6 38. c5 Rxd4 39. Qf3 Rd8 0-1

[Event "Piloo Mody Open"]
[Site "Lucknow"]
[Date "2004.10.05"]
[Round "5"]
[White "Sundararajan, Kidambi"]
[Black "Sanjay, N."]
[Result "1-0"]
[WhiteElo "2452"]
[BlackElo "2319"]
[PlyCount "84"]
[EventDate "2004.10.01"]
[Source "Roberto Alvarez"]
[SourceDate "2004.10.18"]

1. d4 Nf6 2. c4 d5 3. Nc3 e6 4. Bg5 Nbd7 5. e3 Be7 6. Nf3 O-O 7. Rc1 c6 8. Qc2 Re8 9. a3 h6 10. Bh4 Nh5 11. Bxe7 Qxe7 12. Be2 Nhf6 13. O-O dxc4 14. Bxc4 e5 15. Nh4 exd4 16. Nf5 Qf8 17. exd4 Nb6 18. Nxh6+ gxh6 19. Qg6+ Qg7 20. Bxf7+ Kf8 21. Qxg7+ Kxg7 22. Bxe8 Nxe8 23. Rfe1 Nd6 24. d5 Bd7 25. dxc6 Bxc6 26. Re7+ Nf7 27. Rd1 Kf6 28. Ree1 Rg8 29. Ne4+ Kf5 30. Ng3+ Kf6 31. Rd4 Re8 32. Rf4+ Kg6 33. Rg4+ Kf6 34. Ne4+ Kf5 35. f3 Bxe4 36. Rgxe4 Ne5 37. b3 Nbd7 38. Rh4 Kg6 39. Rd4 Nf6 40. Kf2 h5 41. Ke2 Kf5 42. h3 Nc6+ 1-0

[Event "ST Lee Cup 4th"]
[Site "Beijing"]
[Date "1997.09.02"]
[Round "9"]
[White "Wang Yaoyao"]
[Black "Li Shilong"]
[Result "0-1"]
[WhiteElo "2430"]
[BlackElo "2335"]
[PlyCount "106"]
[EventDate "1997.08.23"]
[Source "ChessBase"]
[SourceDate "1997.11.23"]

1. Nf3 d5 2. d4 Nf6 3. c4 e6 4. Nc3 Be7 5. Bg5 O-O 6. e3 Nbd7 7. Rc1 c6 8. Qc2 Re8 9. a3 h6 10. Bh4 a6 11. cxd5 exd5 12. Bd3 Ne4 13. Bxe7 Qxe7 14. O-O Nd6 15. Na4 Nf8 16. b4 Bg4 17. Ne5 Bh5 18. Be2 Bxe2 19. Qxe2 f6 20. Nf3 Nc4 21. Ra1 a5 22. Nb2 b5 23. Nd3 Nd7 24. a4 bxa4 25. Rxa4 Ndb6 26. Ra2 a4 27. Qc2 Ra7 28. h3 Qd6 29. Rb1 a3 30. Nd2 Nxd2 31. Qxd2 Nc4 32. Qc3 Rae7 33. Re1 f5 34. Raa1 Qf6 35. Rec1 Qg5 36. Ne5 Nxe5 37. dxe5 f4 38. exf4 Qxf4 39. Qxa3 Rxe5 40. g3 Qf5 41. Kg2 Re2 42. Qf3 Qe5 43. Qc3 Qe4+ 44. Qf3 Rf8 45. Qxe4 Rfxf2+ 46. Kg1 dxe4 47. Ra3 Rg2+ 48. Kh1 Rh2+ 49. Kg1 Reg2+ 50. Kf1 Rb2 51. Kg1 Rhe2 52. Rac3 e3 53. Rxc6 Rg2+ 0-1